000
00176nam a2200085 4500
001
1258883
005
20260401135530.0
245
_a
MATEMATİK
_c
HİRA DOĞRUL
260
_b
TÜBİTAK
999
_c
1258883
_d
1258883